America Latina, Siglo XX : (Record no. 96259)

MARC details
000 -CABECERA
campo de control de longitud fija 00572nam a2200193 a 4500
005 - FECHA Y HORA DE LA ÚLTIMA TRANSACCIÓN
campo de control 20220812063812.0
008 - ELEMENTOS DE LONGITUD FIJA--INFORMACIÓN GENERAL
campo de control de longitud fija 030514s1999 mx r 000 0 spa d
020 ## - NÚMERO INTERNACIONAL NORMALIZADO PARA LIBROS
Número Internacional Estándar del Libro 8477381445
035 ## - NÚMERO DE CONTROL DEL SISTEMA
Número de control de sistema UPN01000124080
049 ## - COLECCIÓN
Colección CG
050 #4 - SIGNATURA TOPOGRÁFICA DE LA BIBLIOTECA DEL CONGRESO
Número de clasificación JL966
Número de documento/Ítem M3.2
100 1# - ASIENTO PRINCIPAL--NOMBRE PERSONAL
Nombre de persona Malamud, Carlos
245 10 - MENCIÓN DE TÍTULO
Título America Latina, Siglo XX :
Resto del título la búsqueda de la democracia /
Mención de responsabilidad, etc. Carlos Malamud.
260 ## - PUBLICACIÓN, DISTRIBUCIÓN, ETC.
Lugar de publicación, distribución, etc. Madrid :
Nombre del editor, distribuidor, etc. Síntesis,
Fecha de publicación, distribución, etc. 1999.
300 ## - DESCRIPCIÓN FÍSICA
Extensión 170 p.
440 #0 - MENCIÓN DE SERIE/ASIENTO SECUNDARIO--TÍTULO
Título Historia universal contemporánea ;
Designación de volumen o secuencia 21
651 #4 - ASIENTO SECUNDARIO DE MATERIA - NOMBRE GEOGRAFICO
Nombre geográfico América Latina
Subdivisión general Política y gobierno
9 (RLIN) 1083
905 ## - TIPO DE MATERIAL
Tipo de material Libro
Holdings
Estado de retiro Estado de pérdida Fuente del sistema de clasificación o colocación Estado dañado No para préstamo Código de colección Localización permanente Ubicación/localización actual Ubicación en estantería Total de préstamos Clasificación Código de barras Fecha visto por última vez Número de copia Tipo de ítem Koha
    Library of Congress Classification     Colección General Bib. Gregorio Torres Quintero Bib. Gregorio Torres Quintero Planta baja 4 JL966 M3.2 194143 31/12/2020 1 Libro
    Library of Congress Classification     Colección General Bib. Gregorio Torres Quintero Bib. Gregorio Torres Quintero Planta baja 4 JL966 M3.2 198532 31/12/2020 1 Libro
    Library of Congress Classification     Colección General Bib. Gregorio Torres Quintero Bib. Gregorio Torres Quintero Planta baja 7 JL966 M3.2 225720 31/12/2020 1 Libro
    Library of Congress Classification     Colección General Bib. Gregorio Torres Quintero Bib. Gregorio Torres Quintero Planta baja 5 JL966 M3.2 194144 31/12/2020 1 Libro